[Event "Mitropa Cup 37th"]
[Site "Le Castella"]
[Date "2018.06.07"]
[Round "7.4"]
[White "Guidarelli, Laurent"]
[Black "Haring, Filip"]
[Result "1-0"]
[WhiteElo "2464"]
[BlackElo "2339"]
[PlyCount "97"]
[EventDate "2018.05.31"]
[EventType "team-tourn"]
[EventRounds "9"]
[EventCountry "ITA"]
[SourceTitle "CBM 184 Extra"]
[Source "ChessBase"]
[SourceDate "2018.06.28"]
[SourceVersion "1"]
[SourceVersionDate "2018.06.28"]
[SourceQuality "1"]
[WhiteTeam "France"]
[BlackTeam "Slovakia"]
[WhiteTeamCountry "FRA"]
[BlackTeamCountry "SVK"]

1. d4 Nf6 2. c4 e6 3. Nf3 d5 4. Nc3 Nbd7 5. cxd5 exd5 6. Bg5 c6 7. e3 Be7 8. Qc2 0-0 9. Bd3 h6 10. Bf4 Re8 11. g4 Ne4 12. Rg1 Nf8 13. Nxe4 dxe4 14. Bxe4 g5 15. Bg3 Bb4+ 16. Kf1 Bxg4 17. Be5 Bxf3 18. Bxf3 Bd6 19. Bxd6 Qxd6 20. h4 Qf6 21. Rg3 Re7 22. hxg5 hxg5 23. Kg2 Kg7 24. Rh1 Ng6 25. Qc5 Rh8 26. Qxg5 Rxh1 27. Kxh1 Re8 28. Qxf6+ Kxf6 29. Rh3 Ne7 30. Rh6+ Ng6 31. Kg2 Kg7 32. Rh5 Kf6 33. Kf1 Ne7 34. Be4 Ke6 35. Bd3 b5 36. Bc2 Rf8 37. Ke2 Nd5 38. Rh6+ f6 39. e4 Ne7 40. f4 Kd7 41. Bb3 a5 42. f5 c5 43. dxc5 Kc6 44. Rh7 Re8 45. Be6 a4 46. a3 Kxc5 47. Bd7 Rd8 48. Rxe7 Kd6 49. Rf7 1-0

[Event "Mitropa Cup 37th"]
[Site "Le Castella"]
[Date "2018.06.02"]
[Round "3.4"]
[White "Guidarelli, Laurent"]
[Black "Dobrovoljc, Vid"]
[Result "1-0"]
[WhiteElo "2464"]
[BlackElo "2294"]
[PlyCount "83"]
[EventDate "2018.05.31"]
[EventType "team-tourn"]
[EventRounds "9"]
[EventCountry "ITA"]
[SourceTitle "CBM 184 Extra"]
[Source "ChessBase"]
[SourceDate "2018.06.28"]
[SourceVersion "1"]
[SourceVersionDate "2018.06.28"]
[SourceQuality "1"]
[WhiteTeam "France"]
[BlackTeam "Slovenia"]
[WhiteTeamCountry "FRA"]
[BlackTeamCountry "SLO"]

1. d4 Nf6 2. c4 g6 3. g3 Bg7 4. Bg2 0-0 5. Nc3 d6 6. Nf3 Nbd7 7. 0-0 e5 8. e3 Re8 9. a4 a5 10. b3 Nf8 11. Ra2 e4 12. Ng5 Bf5 13. f3 exf3 14. Qxf3 h6 15. Nh3 c6 16. Nf2 Qb6 17. Qd1 Rad8 18. e4 Bg4 19. Qd3 c5 20. Nxg4 Nxg4 21. Nd5 Qa7 22. Qf3 Bxd4+ 23. Kh1 Ne5 24. Nf6+ Kh8 25. Qf4 g5 26. Qf5 Re6 27. Bxg5 Neg6 28. Qh3 Bxf6 29. Qxh6+ Kg8 30. Bxf6 Rxf6 31. Rxf6 Qb6 32. Raf2 Rd7 33. e5 Nxe5 34. Bd5 Qxb3 35. Qg5+ Kh8 36. Rh6+ Nh7 37. Qf5 Qd1+ 38. Kg2 Qd3 39. Rxh7+ Kg8 40. Qxd3 Nxd3 41. Rfxf7 Rxf7 42. Rxf7 1-0

[Event "Mitropa Cup 37th"]
[Site "Le Castella"]
[Date "2018.06.01"]
[Round "2.4"]
[White "Srbis, Jurica"]
[Black "Guidarelli, Laurent"]
[Result "0-1"]
[WhiteElo "2416"]
[BlackElo "2464"]
[PlyCount "130"]
[EventDate "2018.05.31"]
[EventType "team-tourn"]
[EventRounds "9"]
[EventCountry "ITA"]
[SourceTitle "CBM 184 Extra"]
[Source "ChessBase"]
[SourceDate "2018.06.28"]
[SourceVersion "1"]
[SourceVersionDate "2018.06.28"]
[SourceQuality "1"]
[WhiteTeam "Croatia"]
[BlackTeam "France"]
[WhiteTeamCountry "CRO"]
[BlackTeamCountry "FRA"]

1. e4 d6 2. d4 Nf6 3. Nc3 g6 4. Be3 c6 5. Qd2 b5 6. Bd3 Nbd7 7. Nf3 Qc7 8. h3 Bb7 9. Ne2 e5 10. Ng3 Bg7 11. 0-0 0-0 12. dxe5 dxe5 13. Bh6 Rfd8 14. Rad1 Ne8 15. Bxg7 Nxg7 16. Qh6 Nf8 17. Qg5 Re8 18. h4 Qe7 19. Qe3 h5 20. c3 Bc8 21. a4 a6 22. Ra1 Bg4 23. Ng5 Nh7 24. Bc2 Nxg5 25. hxg5 h4 26. f3 Bd7 27. Ne2 Ne6 28. Rfd1 Red8 29. axb5 cxb5 30. Bb3 Qxg5 31. Qxg5 Nxg5 32. Bd5 Ra7 33. f4 exf4 34. Nxf4 Bg4 35. Rd4 Kg7 36. Rb4 Bd7 37. Kf2 a5 38. Rd4 Rh8 39. e5 h3 40. gxh3 Nxh3+ 41. Nxh3 Rxh3 42. Rf4 Bf5 43. Rb4 Bd7 44. Rf4 Be8 45. Bf3 Rh2+ 46. Kg3 Rxb2 47. Rh4 Rc7 48. Rxa5 Rxc3 49. Ra7 Bc6 50. Rf4 Bd5 51. Rd7 Be6 52. Re7 Re2 53. Rc7 Rxc7 54. Bxe2 Rc5 55. Rb4 Bc4 56. Bxc4 bxc4 57. Kf4 c3 58. Rb1 c2 59. Rc1 Kf8 60. Ke4 Ke7 61. Kd4 Rc7 62. Kd5 Rc8 63. Kd4 Ke6 64. Ke4 Rc4+ 65. Kd3 Kd5 0-1

[Event "Chambery 20th"]
[Site "Chambery"]
[Date "2014.08.03"]
[Round "9.4"]
[White "Guidarelli, Laurent"]
[Black "Valles, Manuel"]
[Result "1-0"]
[WhiteElo "2498"]
[BlackElo "2398"]
[PlyCount "77"]
[EventDate "2014.07.26"]
[EventType "tourn"]
[EventRounds "9"]
[EventCountry "FRA"]
[EventCategory "9"]
[SourceTitle "CBM 161 Extra"]
[Source "ChessBase"]
[SourceDate "2014.08.29"]
[SourceVersion "1"]
[SourceVersionDate "2014.08.29"]
[SourceQuality "1"]

1. g3 g6 2. Bg2 c5 3. c4 Bg7 4. Nc3 Nc6 5. a3 d6 6. Rb1 Bxc3 7. bxc3 Qd7 8. d3 b6 9. e4 Bb7 10. Nf3 0-0-0 11. 0-0 h6 12. Nd2 f5 13. exf5 gxf5 14. Nf3 Nf6 15. Re1 Ng4 16. Nh4 Rde8 17. Rb2 e6 18. Rbe2 Nd8 19. Bxb7+ Kxb7 20. d4 Kc8 21. Rd2 Nb7 22. Rde2 Nf6 23. Qd3 Na5 24. f3 Rh7 25. Kg2 d5 26. cxd5 Qxd5 27. Nxf5 c4 28. Qc2 Qxf5 29. Qxf5 exf5 30. Rxe8+ Nxe8 31. Rxe8+ Kd7 32. Re5 Nb3 33. Bf4 Re7 34. Rxe7+ Kxe7 35. Bxh6 b5 36. Kf2 a5 37. Ke3 Ke6 38. Bf8 Nc1 39. h4 1-0

[Event "Salon de Provence op 5th"]
[Site "Salon de Provence"]
[Date "2014.07.13"]
[Round "9"]
[White "Dudognon, Thibault"]
[Black "Guidarelli, Laurent"]
[Result "0-1"]
[WhiteElo "2066"]
[BlackElo "2498"]
[PlyCount "112"]
[EventDate "2014.07.05"]
[EventType "swiss"]
[EventRounds "9"]
[EventCountry "FRA"]
[SourceTitle "EXT 2015"]
[Source "ChessBase"]
[SourceDate "2014.11.20"]
[SourceVersion "1"]
[SourceVersionDate "2014.11.20"]
[SourceQuality "1"]

1. e4 g6 2. d4 d6 3. Nc3 Bg7 4. g3 Nc6 5. Be3 e5 6. dxe5 Nxe5 7. f4 Bg4 8. Be2 Nc4 9. Bd4 Bxe2 10. Ngxe2 Nf6 11. Qd3 Nb6 12. 0-0-0 0-0 13. h3 Re8 14. g4 Qe7 15. Ng3 Qf8 16. g5 Nfd7 17. Bxg7 Qxg7 18. Nd5 Nxd5 19. Qxd5 Nb6 20. Qd4 Re7 21. Qxg7+ Kxg7 22. b3 Rae8 23. h4 Nd7 24. h5 f6 25. hxg6 hxg6 26. gxf6+ Nxf6 27. Rdg1 Kf7 28. f5 Rg8 29. Rf1 g5 30. Re1 Ree8 31. Rh6 Rh8 32. Reh1 Rxh6 33. Rxh6 d5 34. exd5 Re3 35. Nh1 Rf3 36. c4 g4 37. Kc2 Rxf5 38. Rh2 Rh5 39. Rxh5 Nxh5 40. Nf2 g3 41. Ne4 g2 42. Ng5+ Kf6 43. Nf3 Nf4 44. Ng1 Kf5 45. Kd1 Kg4 46. Kd2 Nh3 47. Ne2 g1Q 48. Nxg1 Nxg1 49. Ke3 Kf5 50. Kd4 Ne2+ 51. Kc5 Ke5 52. a4 Nc1 53. Kb4 Kd4 54. a5 a6 55. Ka3 Kc3 56. c5 Nxb3 0-1

[Event "Salon de Provence op 5th"]
[Site "Salon de Provence"]
[Date "2014.07.11"]
[Round "7"]
[White "Lazov, Stefan"]
[Black "Guidarelli, Laurent"]
[Result "0-1"]
[WhiteElo "1894"]
[BlackElo "2498"]
[PlyCount "64"]
[EventDate "2014.07.05"]
[EventType "swiss"]
[EventRounds "9"]
[EventCountry "FRA"]
[SourceTitle "EXT 2015"]
[Source "ChessBase"]
[SourceDate "2014.11.20"]
[SourceVersion "1"]
[SourceVersionDate "2014.11.20"]
[SourceQuality "1"]

1. d4 Nf6 2. Bg5 Ne4 3. Bf4 d5 4. e3 c5 5. Nd2 Nxd2 6. Qxd2 Nc6 7. Nf3 e6 8. Be2 Bd6 9. Bxd6 Qxd6 10. 0-0 0-0 11. dxc5 Qxc5 12. Rac1 b5 13. b3 Bb7 14. c4 dxc4 15. a3 Qxa3 16. bxc4 Rfd8 17. Qc2 Nb4 18. Qb1 Na2 19. Qa1 b4 20. Rc2 b3 21. Rb2 a5 22. Nd4 a4 23. Nb5 Qc5 24. Qb1 Ba6 25. Bf3 Rac8 26. Be4 f5 27. Bf3 Bxb5 28. cxb5 Nc3 29. Qa1 Qb4 30. Qe1 a3 31. Rd2 b2 32. Rxd8+ Rxd8 0-1

[Event "Salon de Provence op 5th"]
[Site "Salon de Provence"]
[Date "2014.07.07"]
[Round "3"]
[White "Kolb, Sebastien"]
[Black "Guidarelli, Laurent"]
[Result "1/2-1/2"]
[WhiteElo "2057"]
[BlackElo "2498"]
[PlyCount "78"]
[EventDate "2014.07.05"]
[EventType "swiss"]
[EventRounds "9"]
[EventCountry "FRA"]
[SourceTitle "EXT 2015"]
[Source "ChessBase"]
[SourceDate "2014.11.20"]
[SourceVersion "1"]
[SourceVersionDate "2014.11.20"]
[SourceQuality "1"]

1. e4 e6 2. d4 d5 3. Nd2 Nf6 4. e5 Nfd7 5. f4 c5 6. c3 Nc6 7. Ndf3 Qb6 8. a3 Be7 9. Ne2 cxd4 10. cxd4 f6 11. Nc3 0-0 12. Be2 fxe5 13. Na4 Qd8 14. fxe5 a6 15. 0-0 b5 16. Nc3 Rb8 17. Bd3 b4 18. Ne2 Qb6 19. Kh1 Rxf3 20. gxf3 Kh8 21. Bb1 a5 22. axb4 Bxb4 23. Rg1 Ba6 24. Qc2 Nf8 25. Rg4 Rc8 26. Nc3 Qa7 27. Qg2 Qf7 28. Be3 Ne7 29. Bc2 Nf5 30. Bxf5 exf5 31. Rh4 Ng6 32. Rh3 f4 33. Bd2 Bd3 34. Rxh7+ Kxh7 35. Qh3+ Nh4 36. Qxh4+ Kg8 37. Qxf4 Qxf4 38. Bxf4 Bxc3 39. bxc3 Rxc3 1/2-1/2

[Event "La Rosiere op"]
[Site "Bourg Saint Maurice"]
[Date "2013.08.30"]
[Round "6"]
[White "Guidarelli, Laurent"]
[Black "Georges, Thomas"]
[Result "1-0"]
[WhiteElo "2466"]
[BlackElo "1860"]
[PlyCount "75"]
[EventDate "2013.08.25"]
[EventType "swiss"]
[EventRounds "7"]
[EventCountry "FRA"]
[SourceTitle "EXT 2015"]
[Source "ChessBase"]
[SourceDate "2014.11.20"]
[SourceVersion "1"]
[SourceVersionDate "2014.11.20"]
[SourceQuality "1"]

1. d4 Nf6 2. c4 g6 3. Nc3 Bg7 4. e4 d6 5. Nf3 0-0 6. Be2 e5 7. dxe5 dxe5 8. Qxd8 Rxd8 9. Nd5 Nxd5 10. cxd5 c6 11. Bc4 cxd5 12. Bxd5 h6 13. Be3 Nd7 14. 0-0-0 Re8 15. Bb3 a6 16. Nd2 Nf6 17. f3 Be6 18. Kb1 Rac8 19. Rc1 Bxb3 20. Nxb3 Bf8 21. Na5 b5 22. Rhd1 h5 23. a3 Kg7 24. Bf2 Red8 25. Bg3 Rxd1 26. Rxd1 b4 27. a4 Re8 28. Nc4 Rc8 29. b3 Kg8 30. Bxe5 Ne8 31. Rd7 Bg7 32. Bxg7 Kxg7 33. a5 Rc6 34. Rxf7+ Kg8 35. Rb7 Nd6 36. Rb6 Rxb6 37. axb6 Nb7 38. e5 1-0

[Event "Mitropa Cup 32nd"]
[Site "Meissen"]
[Date "2013.06.09"]
[Round "9.2"]
[White "Guidarelli, Laurent"]
[Black "Petenyi, Tamas"]
[Result "0-1"]
[WhiteElo "2472"]
[BlackElo "2466"]
[PlyCount "88"]
[EventDate "2013.06.01"]
[EventType "team-tourn"]
[EventRounds "9"]
[EventCountry "GER"]
[SourceTitle "CBM 154 Extra"]
[Source "ChessBase"]
[SourceDate "2013.06.25"]
[SourceVersion "2"]
[SourceVersionDate "2013.06.25"]
[SourceQuality "1"]
[WhiteTeam "France"]
[BlackTeam "Slovakia"]
[WhiteTeamCountry "FRA"]
[BlackTeamCountry "SVK"]

1. d4 g6 2. c4 Bg7 3. Nc3 d6 4. e4 Nc6 5. d5 Nd4 6. Be3 c5 7. Nge2 Qb6 8. Qd2 Nxe2 9. Bxe2 Bd7 10. 0-0 Nf6 11. h3 0-0 12. Rab1 Qc7 13. a3 b6 14. Bh6 e5 15. dxe6 Bxh6 16. Qxh6 fxe6 17. f4 Bc6 18. Bd3 e5 19. f5 Qg7 20. Qxg7+ Kxg7 21. g4 g5 22. Rbd1 Rad8 23. Rd2 Kf7 24. Rg2 h5 25. Kf2 hxg4 26. hxg4 Rh8 27. Ke3 Rh3+ 28. Rf3 Rdh8 29. Be2 Rh2 30. Rff2 R8h3+ 31. Bf3 Rh1 32. Rd2 Rf1 33. Rdf2 Rfh1 34. Rd2 Ke7 35. Kf2 Rc1 36. Re2 a6 37. Rg3 Rh4 38. Ke3 b5 39. Kd2 Rf1 40. Nd1 bxc4 41. Ne3 Rxf3 42. Rxf3 Bxe4 43. Rg3 Bd3 44. Ng2 Bxe2 0-1

[Event "Cappelle op 27th"]
[Site "Cappelle la Grande"]
[Date "2011.03.02"]
[Round "6"]
[White "Franklin, Samuel Gideon"]
[Black "Guidarelli, Laurent"]
[Result "1-0"]
[WhiteElo "2185"]
[BlackElo "2446"]
[PlyCount "89"]
[EventDate "2011.02.26"]
[EventType "swiss"]
[EventRounds "9"]
[EventCountry "FRA"]
[SourceTitle "CBM 141 Extra"]
[Source "ChessBase"]
[SourceDate "2011.05.03"]
[SourceVersion "1"]
[SourceVersionDate "2011.05.03"]
[SourceQuality "1"]

1. e4 c6 2. c4 d5 3. exd5 Nf6 4. Nc3 cxd5 5. cxd5 Nxd5 6. Nf3 Nxc3 7. bxc3 g6 8. Bb5+ Nd7 9. 0-0 Bg7 10. d4 0-0 11. Re1 e6 12. Bf4 Nb6 13. Bd3 Nd5 14. Bd2 Qc7 15. c4 Ne7 16. Rc1 Rd8 17. Bg5 b6 18. Qe2 Re8 19. d5 Bd7 20. Qd2 Nf5 21. g4 Nd6 22. Bf4 Rad8 23. Qb4 Bf8 24. Be5 Qc5 25. Qd2 Bg7 26. Qf4 Bc8 27. Bxg7 Kxg7 28. h4 f6 29. h5 Nf7 30. h6+ Nxh6 31. g5 fxg5 32. Qe5+ Kg8 33. Nxg5 Qd6 34. Qxd6 Rxd6 35. Ne4 Rdd8 36. Nf6+ Kf7 37. Nxe8 Rxe8 38. c5 Ng4 39. cxb6 axb6 40. Bb5 Rd8 41. dxe6+ Bxe6 42. Rc7+ Kf6 43. Rc6 Re8 44. Rxb6 Re7 45. f4 1-0

[Event "Cappelle op 27th"]
[Site "Cappelle la Grande"]
[Date "2011.02.27"]
[Round "2"]
[White "Sanikidze, Tornike"]
[Black "Guidarelli, Laurent"]
[Result "1/2-1/2"]
[WhiteElo "2559"]
[BlackElo "2446"]
[PlyCount "113"]
[EventDate "2011.02.26"]
[EventType "swiss"]
[EventRounds "9"]
[EventCountry "FRA"]
[SourceTitle "CBM 141 Extra"]
[Source "ChessBase"]
[SourceDate "2011.05.03"]
[SourceVersion "1"]
[SourceVersionDate "2011.05.03"]
[SourceQuality "1"]

1. e4 c6 2. c4 d5 3. exd5 Nf6 4. d4 cxd5 5. Nf3 Nc6 6. Nc3 Bg4 7. cxd5 Nxd5 8. Qb3 Bxf3 9. gxf3 e6 10. Qxb7 Nxd4 11. Bb5+ Nxb5 12. Qc6+ Ke7 13. Qxb5 Qd7 14. Nxd5+ Qxd5 15. Qxd5 exd5 16. Be3 Ke6 17. 0-0-0 Bb4 18. a3 Rhc8+ 19. Kb1 Bc5 20. Rhe1 Bxe3 21. Rxe3+ Kd6 22. b3 Re8 23. Kc2 Re6 24. Rd4 Rg6 25. Red3 Rg2 26. Rxd5+ Ke6 27. Rd6+ Kf5 28. h4 Rxf2+ 29. Kc3 h5 30. b4 Rc8+ 31. Kb3 Kf4 32. Rd7 Rf8 33. Rxa7 g5 34. hxg5 h4 35. b5 h3 36. Ra4+ Kxg5 37. f4+ Kg4 38. f5+ Kxf5 39. Rxh3 Rf1 40. Rc4 Ke6 41. Re3+ Kd5 42. Rd3+ Ke5 43. Kc2 f5 44. b6 Rb8 45. Rb4 f4 46. a4 f3 47. Kd2 Rg8 48. Rb5+ Ke4 49. b7 Rg2+ 50. Kc3 Rc1+ 51. Kb4 Rg8 52. Rd2 Ke3 53. Rd7 f2 54. Re7+ Kd4 55. Rd7+ Ke3 56. Re7+ Kd4 57. Rd7+ 1/2-1/2

[Event "Vlissingen HZ op 14th"]
[Site "Vlissingen"]
[Date "2010.08.11"]
[Round "6"]
[White "Guidarelli, Laurent"]
[Black "Van Eijk, Sander"]
[Result "1/2-1/2"]
[WhiteElo "2433"]
[BlackElo "2322"]
[PlyCount "41"]
[EventDate "2010.08.07"]
[EventType "swiss"]
[EventRounds "9"]
[EventCountry "NED"]
[SourceTitle "CBM 137 Extra"]
[Source "ChessBase"]
[SourceDate "2010.09.01"]
[SourceVersion "1"]
[SourceVersionDate "2010.09.01"]
[SourceQuality "1"]

1. Nf3 Nf6 2. g3 d5 3. c4 d4 4. Bg2 Nc6 5. 0-0 e5 6. d3 Bd6 7. Na3 0-0 8. Nc2 Re8 9. Rb1 a5 10. a3 a4 11. Bg5 h6 12. Bxf6 Qxf6 13. Nd2 Bd7 14. Ne4 Qe7 15. e3 f5 16. Nxd6 Qxd6 17. exd4 exd4 18. f4 Na5 19. Re1 Bc6 20. Qh5 Bd7 21. Kf2 1/2-1/2

[Event "FRA-chT Top 16 Gp Basse"]
[Site "Guingamp"]
[Date "2010.06.06"]
[Round "11.4"]
[White "Bailet, Pierre"]
[Black "Guidarelli, Laurent"]
[Result "1-0"]
[WhiteElo "2390"]
[BlackElo "2435"]
[PlyCount "45"]
[EventDate "2010.06.03"]
[EventType "team-tourn"]
[EventRounds "11"]
[EventCountry "FRA"]
[SourceTitle "EXT 2011"]
[Source "ChessBase"]
[SourceDate "2010.11.26"]
[SourceVersion "1"]
[SourceVersionDate "2010.11.26"]
[SourceQuality "1"]
[WhiteTeam "Guingamp"]
[BlackTeam "Cannes"]
[WhiteTeamCountry "FRA"]
[BlackTeamCountry "FRA"]

1. e4 c5 2. Nf3 b6 3. d4 cxd4 4. Nxd4 Bb7 5. Nc3 a6 6. Be3 e6 7. Qd2 Qc7 8. f3 Nf6 9. 0-0-0 h5 10. Qf2 d6 11. e5 Nfd7 12. exd6 Qxd6 13. Bc4 Qe7 14. Rhe1 Ne5 15. Bxe6 fxe6 16. Bf4 Ng6 17. Nxe6 Kf7 18. Ng5+ Kg8 19. Rxe7 Bxe7 20. Qxb6 Bxg5 21. Bxg5 Bc6 22. Rd6 Ne5 23. f4 1-0

[Event "FRA-chT Top 16 Gp Basse"]
[Site "Guingamp"]
[Date "2010.06.05"]
[Round "10.5"]
[White "Todorov, Todor"]
[Black "Guidarelli, Laurent"]
[Result "1/2-1/2"]
[WhiteElo "2494"]
[BlackElo "2435"]
[PlyCount "49"]
[EventDate "2010.06.03"]
[EventType "team-tourn"]
[EventRounds "11"]
[EventCountry "FRA"]
[SourceTitle "EXT 2011"]
[Source "ChessBase"]
[SourceDate "2010.11.26"]
[SourceVersion "1"]
[SourceVersionDate "2010.11.26"]
[SourceQuality "1"]
[WhiteTeam "Drancy"]
[BlackTeam "Cannes"]
[WhiteTeamCountry "FRA"]
[BlackTeamCountry "FRA"]

1. e4 c5 2. f4 e6 3. Nf3 d5 4. Nc3 Nf6 5. Bb5+ Bd7 6. Bxd7+ Qxd7 7. Qe2 dxe4 8. Ne5 Qc7 9. Nxe4 Nxe4 10. Qxe4 Bd6 11. b3 Bxe5 12. fxe5 Nc6 13. Bb2 0-0-0 14. 0-0-0 Ne7 15. Rhf1 Nf5 16. Rf3 h5 17. Rdf1 Qd7 18. Bc3 Qd5 19. Qa4 Kb8 20. R1f2 Qd7 21. Qc4 Qd5 22. Qf1 Rd7 23. a4 Rhd8 24. Rf4 b6 25. Rc4 1/2-1/2

[Event "FRA-chT1A 0809"]
[Site "France"]
[Date "2009.03.14"]
[Round "8.1"]
[White "Charnushevich, Aliaksei"]
[Black "Guidarelli, Laurent"]
[Result "1/2-1/2"]
[WhiteElo "2513"]
[BlackElo "2433"]
[PlyCount "115"]
[EventDate "2008.10.19"]
[EventType "tourn"]
[EventRounds "11"]
[EventCountry "FRA"]
[SourceTitle "EXT 2010"]
[Source "ChessBase"]
[SourceDate "2010.11.25"]
[SourceVersion "1"]
[SourceVersionDate "2010.11.25"]
[SourceQuality "1"]
[WhiteTeam "Besancon TPG"]
[BlackTeam "Cannes II"]
[WhiteTeamCountry "FRA"]
[BlackTeamCountry "FRA"]

1. d4 Nf6 2. Nf3 c5 3. e3 g6 4. c4 Bg7 5. Nc3 0-0 6. Be2 cxd4 7. exd4 d5 8. 0-0 Nc6 9. Bg5 Be6 10. cxd5 Nxd5 11. Qd2 Nxc3 12. bxc3 Rc8 13. Bh6 Na5 14. Bxg7 Kxg7 15. Rfe1 Bc4 16. Ne5 Bxe2 17. Rxe2 Nc4 18. Nxc4 Rxc4 19. Re3 e6 20. Rh3 h5 21. Re1 Rh8 22. Rf3 Qc7 23. Qg5 Rf8 24. Qf6+ Kg8 25. Ree3 b5 26. g4 Qd8 27. Qf4 hxg4 28. Qxg4 Kg7 29. Qf4 Rc6 30. Rh3 Rh8 31. Qe5+ f6 32. Rxh8 Kxh8 33. Qxb5 Rb6 34. Qd3 Kg7 35. Rg3 Qe8 36. h4 Rb5 37. c4 Rf5 38. Rf3 Rh5 39. Qe4 g5 40. hxg5 Rxg5+ 41. Rg3 Rxg3+ 42. fxg3 Qa4 43. Qb7+ Kg6 44. Qb3 Qa5 45. Qc2+ f5 46. c5 Qb4 47. c6 Qxd4+ 48. Kf1 Qd5 49. c7 Qh1+ 50. Ke2 Qg2+ 51. Kd1 Qf1+ 52. Kd2 Qf2+ 53. Kc1 Qe1+ 54. Kb2 Qb4+ 55. Qb3 Qd2+ 56. Qc2 Qb4+ 57. Qb3 Qd2+ 58. Qc2 1/2-1/2

[Event "Cappelle op 25th"]
[Site "Cappelle la Grande"]
[Date "2009.02.28"]
[Round "1"]
[White "Arutinian, David"]
[Black "Guidarelli, Laurent"]
[Result "1/2-1/2"]
[WhiteElo "2586"]
[BlackElo "2433"]
[PlyCount "47"]
[EventDate "2009.02.28"]
[EventType "swiss"]
[EventRounds "9"]
[EventCountry "FRA"]
[SourceTitle "CBM 129 Extra"]
[Source "ChessBase"]
[SourceDate "2009.05.05"]
[SourceVersion "2"]
[SourceVersionDate "2009.05.20"]
[SourceQuality "1"]

1. d4 Nf6 2. Nf3 c5 3. d5 b5 4. c4 g6 5. cxb5 a6 6. b6 d6 7. Nc3 Bg7 8. e4 0-0 9. Be2 Nbd7 10. Nd2 Nxb6 11. a4 Rb8 12. 0-0 Nfd7 13. Qc2 e6 14. a5 Na8 15. Nc4 Ne5 16. Rd1 Nxc4 17. Bxc4 Nc7 18. dxe6 Bxe6 19. Na4 Bxc4 20. Qxc4 Rb4 21. Qc2 Nb5 22. Bd2 Rd4 23. Nb6 Qh4 24. Re1 1/2-1/2